Community organizing participatory action research (CO_PAR) for community health development (Record no. 6279)

MARC details
000 -LEADER
fixed length control field 00691nam a22001817a 4500
003 - CONTROL NUMBER IDENTIFIER
control field OSt
005 - DATE AND TIME OF LATEST TRANSACTION
control field 20251125135940.0
008 - FIXED-LENGTH DATA ELEMENTS--GENERAL INFORMATION
fixed length control field 251125b |||||||| |||| 00| 0 eng d
020 ## - INTERNATIONAL STANDARD BOOK NUMBER
International Standard Book Number 971-756-026-9.
040 ## - CATALOGING SOURCE
Original cataloging agency DWC-Main lib
Transcribing agency OC
082 ## - DEWEY DECIMAL CLASSIFICATION NUMBER
Classification number Circ. 362.12 J564c 2002
100 ## - MAIN ENTRY--PERSONAL NAME
Personal name Jimenez, C.
245 ## - TITLE STATEMENT
Title Community organizing participatory action research (CO_PAR) for community health development
Statement of responsibility, etc. Jimenez, Carmen E.
260 ## - PUBLICATION, DISTRIBUTION, ETC.
Place of publication, distribution, etc. Lucena, Philippines :
Name of publisher, distributor, etc. Saved Heart College,
Date of publication, distribution, etc. c2002.
300 ## - PHYSICAL DESCRIPTION
Extent vii, 196 pages :
Other physical details illustration ;
Dimensions 22 cm.
650 ## - SUBJECT ADDED ENTRY--TOPICAL TERM
Source of heading or term Health, Community Development.
942 ## - ADDED ENTRY ELEMENTS (KOHA)
Source of classification or shelving scheme Dewey Decimal Classification
Koha item type Book Circulation
Classification part Circ. 362.12 J564c 2002
Call number prefix Circ.
Suppress in OPAC No
952 ## - LOCATION AND ITEM INFORMATION (KOHA)
--
Holdings
Withdrawn status Lost status Source of classification or shelving scheme Damaged status Not for loan Home library Current library Shelving location Date acquired Source of acquisition Cost, normal purchase price Total Checkouts Full call number Barcode Date last seen Copy number Price effective from Koha item type Uniform Resource Identifier
    Dewey Decimal Classification     College Library College Library Circulation 09/14/2005 School Fund 278.00   Circ. 362.12 J564c 2002 CL42406 11/25/2025 c5 11/25/2025 BK-CIRC